Welcome to CU Library Online Public Access Catalogue (OPAC)

AUDITING AND ASSURANCE SERVICES: (Record no. 8819)

MARC details
000 -LEADER
fixed length control field 00432nam a2200169 4500
005 - DATE AND TIME OF LATEST TRANSACTION
control field 20260223160659.0
008 - FIXED-LENGTH DATA ELEMENTS--GENERAL INFORMATION
fixed length control field CUC123
020 ## - INTERNATIONAL STANDARD BOOK NUMBER
International Standard Book Number 9780071284660
050 ## - LIBRARY OF CONGRESS CALL NUMBER
Classification number HF5667 MES
Item number 1
100 ## - MAIN ENTRY--PERSONAL NAME
Personal name MESSIER, F. WILLIAM
245 ## - TITLE STATEMENT
Title AUDITING AND ASSURANCE SERVICES:
Remainder of title A SYSTEM APPROACH
250 ## - EDITION STATEMENT
Edition statement STUDENT EDITION 6HT
260 ## - PUBLICATION, DISTRIBUTION, ETC.
Place of publication, distribution, etc. BOSTON
Name of publisher, distributor, etc. MCGRAW- HILL
Date of publication, distribution, etc. 2008c
300 ## - PHYSICAL DESCRIPTION
Extent xxxii,786p
700 ## - ADDED ENTRY--PERSONAL NAME
Personal name GLOVER M. STEVEN
942 ## - ADDED ENTRY ELEMENTS (KOHA)
Source of classification or shelving scheme Library of Congress Classification
Koha item type Books
Suppress in OPAC No
999 ## -
-- 8819
-- 8819
Holdings
Withdrawn status Lost status Source of classification or shelving scheme Damaged status Not for loan Collection Home library Current library Shelving location Date acquired Total checkouts Full call number Barcode Date last seen Copy number Price effective from Koha item type
    Library of Congress Classification     Non-fiction Graduate Library (Christ Temple) Graduate Library (Christ Temple) General stacks 02/23/2026   HF 5667 MES GSCT00002869 02/23/2026 1 02/23/2026 Books
    Library of Congress Classification     Non-fiction Graduate Library (Christ Temple) Graduate Library (Christ Temple) General stacks 02/23/2026   HF 5667 MES GSCT00002870 02/23/2026 2 02/23/2026 Books
© 2023-2024 Copyright: Central University Libraries. All Rights Reserved | Created by: Mahone Tech Office